Footballers By Picture and Letter -- 'K' - Statistics

General Stats
  • This quiz has been taken 210 times
  • The average score is 9 of 18
Answer Stats
Picture Hint Answer % Correct
Brazil Kaká
99%
Germany Toni Kroos
97%
Germany Miroslav Klose
92%
Spain Koke
87%
Netherlands Patrick Kluivert
85%
Georgia Khvicha Kvaratskhelia
79%
Australia Sam Kerr
74%
Ireland Robbie Keane
65%
Nigeria Nwankwo Kanu
51%
Argentina Mario Kempes
44%
Australia Harry Kewell
37%
Czech Republic Jan Koller
34%
Georgia Kakha Kaladze
27%
Hungary Sandor Kocsis
21%
Croatia Niko Kranjcar
16%
Netherlands Ruud Krol
14%
England Fran Kirby
12%
Russia Valery Karpin
5%
No matching quizzes found
Score Distribution
Percent of People with Each Score
Percentile by Number Answered
Your Score History
You have not taken this quiz